[Event "RUS-ch blitz"]
[Site "Sochi"]
[Date "2017.10.02"]
[Round "12"]
[White "Moskalenko, Alexander"]
[Black "Selin, Vladimir"]
[Result "1-0"]
[WhiteElo "2531"]
[BlackElo "2322"]
[PlyCount "55"]
[EventDate "2017.10.02"]
[EventType "swiss (blitz)"]
[EventRounds "20"]
[EventCountry "RUS"]
[SourceTitle "EXT 2018"]
[Source "ChessBase"]
[SourceDate "2017.10.13"]
[SourceVersion "1"]
[SourceVersionDate "2017.10.13"]
[SourceQuality "1"]

1. Nf3 d6 2. c4 g6 3. g3 Bg7 4. Bg2 e5 5. Nc3 Ne7 6. 0-0 0-0 7. d4 Nd7 8. dxe5 dxe5 9. Qc2 c6 10. Rd1 Qc7 11. b3 Nf5 12. Ne4 Nd4 13. Nxd4 exd4 14. Bf4 Qa5 15. Rac1 f5 16. Nd6 Nc5 17. Bd2 Qc7 18. Nxc8 Raxc8 19. e3 Ne6 20. c5 Kh8 21. Qc4 Rfe8 22. exd4 Nxd4 23. Re1 Qd7 24. Be3 Ne6 25. Rcd1 Qf7 26. Bc1 Kg8 27. Bf1 Rcd8 28. Rxd8 1-0

[Event "RUS-ch blitz"]
[Site "Sochi"]
[Date "2017.10.02"]
[Round "3"]
[White "Selin, Vladimir"]
[Black "Sarana, Alexey"]
[Result "0-1"]
[WhiteElo "2322"]
[BlackElo "2541"]
[PlyCount "102"]
[EventDate "2017.10.02"]
[EventType "swiss (blitz)"]
[EventRounds "20"]
[EventCountry "RUS"]
[SourceTitle "EXT 2018"]
[Source "ChessBase"]
[SourceDate "2017.10.13"]
[SourceVersion "1"]
[SourceVersionDate "2017.10.13"]
[SourceQuality "1"]

1. e4 d6 2. d4 Nf6 3. Nc3 e5 4. Nf3 Nbd7 5. g3 g6 6. Bg2 Bg7 7. 0-0 0-0 8. Re1 c6 9. a4 a5 10. h3 Re8 11. Kh2 Qc7 12. Be3 Nb6 13. b3 Nbd7 14. Qd2 exd4 15. Nxd4 Nc5 16. Bh6 Bh8 17. Rad1 Bg4 18. hxg4 Nxg4+ 19. Kg1 Bxd4 20. Qxd4 Nxh6 21. Qxd6 Qxd6 22. Rxd6 Rad8 23. Red1 Rxd6 24. Rxd6 Ng4 25. Bh3 h5 26. Rd4 Kg7 27. Bf1 Ne5 28. Kg2 g5 29. f4 gxf4 30. gxf4 Ne6 31. Rd6 Nxf4+ 32. Kg3 Ne6 33. Be2 Rh8 34. Kh2 h4 35. Nd1 Nf4 36. Rd2 Rg8 37. Ne3 Kh7 38. Kh1 Rg3 39. Nc4 Nxc4 40. Bxc4 Kg6 41. Rd6+ f6 42. Rd7 h3 43. Rxb7 Re3 44. b4 Rxe4 45. Bf1 Re1 46. Kg1 axb4 47. Rxb4 Rxf1+ 48. Kxf1 h2 49. Rxf4 h1Q+ 50. Kf2 Qh2+ 51. Ke3 Qxc2 0-1

[Event "RUS-ch blitz"]
[Site "Sochi"]
[Date "2017.10.02"]
[Round "13"]
[White "Selin, Vladimir"]
[Black "Sharafiev, Azat"]
[Result "0-1"]
[WhiteElo "2322"]
[BlackElo "2433"]
[PlyCount "92"]
[EventDate "2017.10.02"]
[EventType "swiss (blitz)"]
[EventRounds "20"]
[EventCountry "RUS"]
[SourceTitle "EXT 2018"]
[Source "ChessBase"]
[SourceDate "2017.10.13"]
[SourceVersion "1"]
[SourceVersionDate "2017.10.13"]
[SourceQuality "1"]

1. e4 d6 2. d4 Nf6 3. Nc3 e5 4. Nf3 Nbd7 5. g3 g6 6. Bg2 Bg7 7. 0-0 0-0 8. h3 c6 9. a4 a5 10. Re1 Re8 11. Kh2 Qc7 12. Be3 exd4 13. Nxd4 Nc5 14. Bf4 Nh5 15. Be3 Nf6 16. Bf4 Nh5 17. Be3 Ne6 18. Qd2 Bd7 19. Rad1 Rad8 20. Kg1 Nf6 21. f4 Nh5 22. Nxe6 Bxe6 23. g4 Nf6 24. Bd4 Bc8 25. Qf2 Nd7 26. Bxg7 Kxg7 27. Qd4+ Kg8 28. Qxd6 Qb6+ 29. Qd4 Qxb2 30. e5 Nxe5 31. Qxd8 Rxd8 32. Rxd8+ Kg7 33. Rxe5 Qb6+ 34. Kh2 Qxd8 35. Ne4 f6 36. Rc5 f5 37. gxf5 Bxf5 38. Ng5 Qd2 39. Rc4 h6 40. Nf3 Qd6 41. h4 b5 42. axb5 cxb5 43. Rd4 Qc7 44. Ne5 a4 45. Be4 Bxe4 46. Rxe4 Qxc2+ 0-1

[Event "RUS-ch rapid"]
[Site "Sochi"]
[Date "2017.09.30"]
[Round "2"]
[White "Alekseev, Evgeny V"]
[Black "Selin, Vladimir"]
[Result "1-0"]
[WhiteElo "2622"]
[BlackElo "2322"]
[PlyCount "77"]
[EventDate "2017.09.30"]
[EventType "swiss (rapid)"]
[EventRounds "11"]
[EventCountry "RUS"]
[SourceTitle "EXT 2018"]
[Source "ChessBase"]
[SourceDate "2017.10.13"]
[SourceVersion "1"]
[SourceVersionDate "2017.10.13"]
[SourceQuality "1"]

1. e4 Nc6 2. d4 d5 3. e5 Bf5 4. c3 e6 5. Bd3 Nge7 6. Ne2 Qd7 7. 0-0 0-0-0 8. b4 f6 9. f4 h5 10. a4 h4 11. Qc2 a5 12. b5 Nb8 13. Nd2 Bxd3 14. Qxd3 Nf5 15. Nf3 c5 16. bxc6 Qxc6 17. Ba3 Nd7 18. Rfb1 Nb6 19. Bxf8 Rhxf8 20. Rb5 Kb8 21. Rxa5 Nc4 22. Rb5 Rc8 23. Nd2 Nxd2 24. Qxd2 Rf7 25. Qd3 Rfc7 26. Rab1 Ka7 27. Ra5+ Kb8 28. Rab5 Ka7 29. R1b4 Qa6 30. Qb1 Ne3 31. a5 Nc4 32. Rb6 Qxa5 33. Rxb7+ Rxb7 34. Rxb7+ Ka8 35. Rb4 Ka7 36. Nc1 Qa6 37. Nd3 Nb6 38. Nc5 Qa5 39. Rb5 1-0

[Event "Anapa op"]
[Site "Anapa"]
[Date "2012.09.06"]
[Round "7"]
[White "Ivanov, Nikolay A"]
[Black "Selin, Vladimir"]
[Result "0-1"]
[WhiteElo "1962"]
[BlackElo "2345"]
[PlyCount "72"]
[EventDate "2012.08.30"]
[EventType "swiss"]
[EventRounds "9"]
[EventCountry "RUS"]
[SourceTitle "CBM 150 Extra"]
[Source "ChessBase"]
[SourceDate "2012.10.19"]
[SourceVersion "1"]
[SourceVersionDate "2012.10.19"]
[SourceQuality "1"]

1. c4 g6 2. g3 Bg7 3. Bg2 d6 4. Nc3 e5 5. e3 f5 6. Nge2 Nf6 7. 0-0 c6 8. d3 Be6 9. b3 0-0 10. Rb1 Bf7 11. Kh1 d5 12. cxd5 cxd5 13. d4 e4 14. Ba3 Re8 15. Qd2 g5 16. Nb5 Re6 17. Bc5 Qd7 18. a4 a6 19. Na3 Bh5 20. b4 Qf7 21. Ng1 b6 22. Qa2 bxc5 23. dxc5 Nc6 24. b5 axb5 25. axb5 Ne5 26. Qb3 Bf8 27. Nc2 Bxc5 28. Nd4 Bxd4 29. exd4 Nc4 30. Qb4 f4 31. gxf4 gxf4 32. Bh3 Bg4 33. f3 exf3 34. Rxf3 Qh5 35. Rbf1 Ra2 36. b6 Ree2 0-1

[Event "Anapa op"]
[Site "Anapa"]
[Date "2012.09.01"]
[Round "2"]
[White "Selin, Vladimir"]
[Black "Sorokin, Oleg"]
[Result "0-1"]
[WhiteElo "2345"]
[BlackElo "2055"]
[PlyCount "73"]
[EventDate "2012.08.30"]
[EventType "swiss"]
[EventRounds "9"]
[EventCountry "RUS"]
[SourceTitle "CBM 150 Extra"]
[Source "ChessBase"]
[SourceDate "2012.10.19"]
[SourceVersion "1"]
[SourceVersionDate "2012.10.19"]
[SourceQuality "1"]

1. e4 c6 2. d4 d5 3. f3 g6 4. Nc3 Bg7 5. Be3 dxe4 6. fxe4 Nf6 7. Nf3 Ng4 8. Bg1 0-0 9. h3 Nf6 10. Qd2 b5 11. Bd3 b4 12. Ne2 a5 13. Be3 Re8 14. 0-0 Ba6 15. Bh6 Nxe4 16. Bxe4 Bxe2 17. Bxg7 Bxf3 18. Rxf3 Kxg7 19. Raf1 Rf8 20. c3 Qd6 21. Qe2 Nd7 22. Kh1 Nf6 23. Bd3 a4 24. Bc4 h5 25. Qf2 bxc3 26. bxc3 Ra5 27. Qe2 Rb8 28. Re3 Ra7 29. Ref3 Ra5 30. Re3 Rb7 31. Re5 Ra8 32. Qf2 Qd8 33. Qg3 Rb2 34. Qg5 Rb7 35. Kh2 Qd6 36. Rf3 Nd5 37. Rg3 0-1

[Event "Omsk City-ch"]
[Site "Omsk"]
[Date "2008.02.07"]
[Round "2"]
[White "Selin, Vladimir"]
[Black "Karabut, Vladimir"]
[Result "1-0"]
[WhiteElo "2309"]
[BlackElo "2119"]
[PlyCount "105"]
[EventDate "2008.02.06"]
[EventType "swiss"]
[EventRounds "11"]
[EventCountry "RUS"]
[SourceTitle "EXT 2009"]
[Source "ChessBase"]
[SourceDate "2008.11.26"]
[SourceVersion "1"]
[SourceVersionDate "2008.11.26"]
[SourceQuality "1"]

1. e4 c6 2. d4 d5 3. Nc3 dxe4 4. Nxe4 Nd7 5. Nf3 Ndf6 6. Ng3 Bg4 7. c3 e6 8. h3 Bxf3 9. Qxf3 Ne7 10. Bd3 Ned5 11. 0-0 Be7 12. Re1 0-0 13. Bg5 Nd7 14. Bd2 Re8 15. c4 N5f6 16. Bc3 Qb6 17. a3 a5 18. Rad1 a4 19. h4 Qc7 20. d5 cxd5 21. cxd5 exd5 22. Nf5 Bf8 23. Bb5 Rxe1+ 24. Rxe1 d4 25. Bxd4 Qa5 26. Qe2 Re8 27. Bc3 Rxe2 28. Bxa5 Rxe1+ 29. Bxe1 Nb6 30. Ba5 Nfd5 31. Kf1 Bc5 32. Ke2 Kf8 33. Bd2 g6 34. Ne3 Nf4+ 35. Kf3 Ne6 36. Ke4 f5+ 37. Kd3 Ke7 38. g3 f4 39. gxf4 Nxf4+ 40. Ke4 Ne6 41. f3 Nc7 42. Bf1 Nd7 43. Nd5+ Nxd5 44. Kxd5 Bf2 45. Bg5+ Kf7 46. Bb5 Nb6+ 47. Kd6 Kg7 48. Kc7 h6 49. Bd2 Nd5+ 50. Kxb7 Bd4 51. Bxa4 Bxb2 52. Bc6 Bxa3 53. Bxd5 1-0

[Event "RUS-chT 09th Group1"]
[Site "Ekaterinburg"]
[Date "2002.05.20"]
[Round "4"]
[White "Volokitin, Andrei"]
[Black "Selin, Vladimir"]
[Result "1/2-1/2"]
[WhiteElo "2577"]
[BlackElo "2232"]
[PlyCount "105"]
[EventDate "2002.05.17"]
[EventType "team-tourn"]
[EventRounds "7"]
[EventCountry "RUS"]
[SourceTitle "EXT 2020"]
[Source "ChessBase"]
[SourceDate "2019.10.17"]
[SourceVersion "1"]
[SourceVersionDate "2019.10.17"]
[SourceQuality "1"]
[WhiteTeam "Tyumen Gazovik"]
[BlackTeam "Omsk Lidrikh"]
[WhiteTeamCountry "RUS"]
[BlackTeamCountry "RUS"]

1. e4 c5 2. Nf3 d6 3. Bb5+ Nd7 4. d4 Ngf6 5. 0-0 a6 6. Bxd7+ Nxd7 7. Nc3 cxd4 8. Qxd4 e5 9. Qb4 Qb6 10. a3 Qxb4 11. axb4 Nb6 12. b3 Bg4 13. b5 axb5 14. Be3 Rxa1 15. Rxa1 Nc8 16. Nxb5 Kd7 17. c4 Be7 18. Ne1 Be6 19. Nd3 Bd8 20. Kf1 f6 21. Ra8 f5 22. Rb8 fxe4 23. Nb4 b6 24. Rb7+ Ke8 25. Nc6 Bd7 26. Nxd8 Kxd8 27. Bxb6+ Ke7 28. Be3 h6 29. Nc3 Ke6 30. Rb8 Re8 31. Nxe4 Ne7 32. Rb6 Bc6 33. Nc3 Ra8 34. f3 Kd7 35. Ke2 Nc8 36. Rb4 Ra1 37. h3 Ne7 38. Rb8 d5 39. cxd5 Nxd5 40. Nxd5 Bxd5 41. Rb5 Ke6 42. Rb6+ Kf7 43. Kd3 Rd1+ 44. Kc2 Re1 45. Kd2 Rb1 46. Kc3 Re1 47. Kd2 Rb1 48. Kc2 Re1 49. Kd3 Rd1+ 50. Ke2 Rb1 51. b4 Rb2+ 52. Bd2 Bc4+ 53. Ke3 1/2-1/2